| 000 | 00540nam a2200181Ia 4500 | ||
|---|---|---|---|
| 999 |
_c8814 _d8814 |
||
| 003 | OSt | ||
| 005 | 20201008094506.0 | ||
| 008 | 190216s9999||||xx |||||||||||||| ||und|| | ||
| 020 | _a9788179922606 | ||
| 040 | _coclc | ||
| 082 |
_a004.678 _bALE/C |
||
| 100 |
_a Alexander, Laurel _95423 |
||
| 245 | 0 |
_aThe Complete Begnniers Guide To The Inernet / _cLaurel Alexander |
|
| 260 |
_bJaico Publishing House, _c2004. _aMumbai: |
||
| 300 | _a231p | ||
| 650 | _aCommerce | ||
| 942 |
_cBK _2ddc _h004.678 _iALE/C _k004.678 _mALE/C |
||